Catálogo
Digital

Catálogo
Digital

Desafíos en la implementación de caudales ambientales para la gobernanza y administración de los recursos hídricos : un estudio de caso en la subcuenca del rio el ángel , Carchi (Record no. 14098)

MARC details
000 -CABECERA
campo de control de longitud fija 01536nam a2200301 4500
003 - IDENTIFICADOR DEL NÚMERO DE CONTROL
campo de control EC-UNACH
005 - FECHA Y HORA DE LA ÚLTIMA TRANSACCIÓN
campo de control 20251027175035.0
006 - CÓDIGOS DE INFORMACIÓN DE LONGITUD FIJA--CARACTERÍSTICAS DEL MATERIAL ADICIONAL
campo de control de longitud fija s||||gr|||| 00| 00
008 - DATOS DE LONGITUD FIJA--INFORMACIÓN GENERAL
campo de control de longitud fija 150116t9999 mx r gr 000 0 spa d
020 ## - NÚMERO INTERNACIONAL ESTÁNDAR DEL LIBRO
Número Internacional Estándar del Libro 978-9978-67-415-4
040 ## - FUENTE DE LA CATALOGACIÓN
Centro catalogador/agencia de origen EC-UNACH
Centro/agencia transcriptor EC-UNACH
041 ## - CÓDIGO DE LENGUA
Código de lengua del texto/banda sonora o título independiente spa
082 04 - NÚMERO DE LA CLASIFICACIÓN DECIMAL DEWEY
Número de edición 23
Número de clasificación 302.2
Número de documento/Ítem L017899
110 ## - ENTRADA PRINCIPAL--NOMBRE DE ENTIDAD CORPORATIVA
Nombre de entidad corporativa o nombre de jurisdicción como elemento de entrada Impresiones Fraga
245 ## - MENCIÓN DE TÍTULO
Título Desafíos en la implementación de caudales ambientales para la gobernanza y administración de los recursos hídricos : un estudio de caso en la subcuenca del rio el ángel , Carchi
250 ## - MENCIÓN DE EDICIÓN
Mención de edición Primera edición
264 ## - Producción, publicación, distribución, fabricación y copyright
Lugar de producción, publicación, distribución, fabricación Ecuador
Nombre del de productor, editor, distribuidor, fabricante Impresiones Fraga
Fecha de de producción, publicación, distribución, fabricación o copyright 2014
300 ## - DESCRIPCIÓN FÍSICA
Extensión 149
505 ## - NOTA DE CONTENIDO CON FORMATO
Nota de contenido con formato Capitulo 1- Recursos hídricos en el ecuador: entre el desarrollo agro productivo y la sostenibilidad ambiental -- Capitulo 2- Contexto y caracterización de la zona de estudio de los territorios a las demarcaciones -- Capitulo 3- Gestión del fondo de agua para la mancomunidad del rio mira : un mecanismo para la implementación de caudales ambientales -- Capitulo 4- Los retos y desafíos en el contexto país -- Capitulo 5- Conclusiones y tendencias sobre el proceso de creación del fondo de agua de la mancomunidad del rio mira y caudales ambientales.
650 ## - PUNTO DE ACCESO ADICIONAL DE MATERIA--TÉRMINO DE MATERIA
Término de materia o nombre geográfico como elemento inicial Recursos hídricos en Ecuador
650 ## - PUNTO DE ACCESO ADICIONAL DE MATERIA--TÉRMINO DE MATERIA
Término de materia o nombre geográfico como elemento inicial Zona de estudio
650 ## - PUNTO DE ACCESO ADICIONAL DE MATERIA--TÉRMINO DE MATERIA
Término de materia o nombre geográfico como elemento inicial Fondo de agua de la mancomunidad
700 ## - PUNTO DE ACCESO ADICIONAL--NOMBRE DE PERSONA
Nombre de persona Jorge Renato Aguilar Muñoz
942 ## - ELEMENTOS DE PUNTO DE ACCESO ADICIONAL (KOHA)
Fuente del sistema de clasificación o colocación Clasificación Decimal Dewey
Tipo de ítem Koha Libros
999 ## - NÚMEROS DE CONTROL DE SISTEMA (KOHA)
Koha biblionumber 14098
Holdings
Estado de pérdida Fuente del sistema de clasificación o colocación Estado dañado No para préstamo Localización permanente Ubicación/localización actual Ubicación en estantería Fecha de adquisición Fuente de adquisición Número de inventario Total de préstamos Signatura topográfica completa Código de barras Fecha visto por última vez Precio válido a partir de Tipo de ítem Koha Centro de costos
  Clasificación Decimal Dewey     Biblioteca Campus Norte Biblioteca Campus Norte Facultad de Ciencias Políticas y Administrativas - Generalidades 27/10/2025 Transitoria segunda Resolución N°0311-CU-UNACH-SE-ORD-16-09-24 39933411   302.2 AGUA L017899 L017899 27/10/2025 27/10/2025 Libros  

Powered by Koha